[Event "32nd Open"]
[Site "Mar del Plata ARG"]
[Date "2001.04.10"]
[Round "4"]
[White "Hoffman,A"]
[Black "Musanti,D"]
[Result "1-0"]
[WhiteElo "2453"]
[BlackElo "2287"]

1.c4 e6 2.Nf3 d5 3.d4 Nf6 4.Nc3 Be7 5.Bg5 O-O 6.e3 h6 7.Bxf6 Bxf6 8.Qb3 dxc4
9.Bxc4 c5 10.Rd1 cxd4 11.Nxd4 Bxd4 12.Rxd4 Qe7 13.O-O Nc6 14.Rd2 Na5 15.Qa4 Nxc4
16.Qxc4 e5 17.Nd5 Qg5 18.f4 exf4 19.exf4 Qh4 20.g3 Qg4 21.Qe4 Be6 22.Ne3 Qh3
23.f5 Bxa2 24.Qa4 Rad8 25.Rxd8 Rxd8 26.Qxa2 Rd2 27.Rf2 Rxf2 28.Kxf2 Qxh2+
29.Ng2 Qh5 30.Qd5 g6 31.Nh4 g5 32.f6  1-0

[Event "Solett Open"]
[Site "Skelleftea SWE"]
[Date "2001.04.11"]
[Round "3"]
[White "Krylov,St"]
[Black "Nygren,D"]
[Result "1/2-1/2"]
[WhiteElo "2295"]
[BlackElo "2173"]

1.c4 e6 2.Nf3 d5 3.b3 Nf6 4.Bb2 c5 5.e3 Nc6 6.Be2 Bd6 7.O-O O-O 8.d4 Qe7
9.Ne5 Rd8 10.Qc1 cxd4 11.exd4 Ne4 12.Nf3 Qf6 13.a3 Bd7 14.Nc3 Bf4 15.Qc2 Qh6
16.g3 Nxc3 17.Bxc3 Bd6  1/2-1/2

[Event "Solett Open"]
[Site "Skelleftea SWE"]
[Date "2001.04.13"]
[Round "5"]
[White "Hillarp Persson,T"]
[Black "Nygren,D"]
[Result "1-0"]
[WhiteElo "2443"]
[BlackElo "2173"]

1.c4 e6 2.Nf3 d5 3.d4 c5 4.e3 Nf6 5.Nc3 Nc6 6.cxd5 exd5 7.Bb5 Bd6 8.O-O O-O
9.h3 Bf5 10.dxc5 Bxc5 11.b3 Qa5 12.Bb2 Bb4 13.Bxc6 bxc6 14.Ne2 Be7 15.Ned4 Bd7
16.Ne5 Rac8 17.Nxd7 Nxd7 18.Nf5 Bf6 19.Bxf6 Nxf6 20.Ne7+ Kh8 21.Nxc8 Rxc8
22.a3 Qb5 23.b4 h6 24.Qd4 Qb7 25.Rac1 Ne4 26.Rfd1 Re8 27.a4 a6 28.Rc2 Re6
29.f3 Ng3 30.Qf4 Rg6 31.Kh2 Qe7 32.b5 axb5 33.axb5 cxb5 34.Rc8+ Kh7 35.Qb8 Rg5
36.f4 Rg4 37.Rh8+ Kg6 38.Qb6+ Kh5 39.Rxd5+ f5 40.hxg4+  1-0

[Event "39th Doeberl Cup"]
[Site "Canberra AUS"]
[Date "2001.04.16"]
[Round "7"]
[White "Johansen,D"]
[Black "Solomon,SJ"]
[Result "1/2-1/2"]
[WhiteElo "2513"]
[BlackElo "2383"]

1.c4 e6 2.Nf3 d5 3.d4 c6 4.Qc2 Bd6 5.g3 f5 6.Bg2 Nf6 7.O-O O-O 8.b3 Qe7 9.a4 a5
10.Ba3 Bxa3 11.Nxa3 Na6 12.Qb2 b6 13.Rac1 Bb7 14.Ne5 Rac8 15.Rfd1 Rfd8 16.e3 c5
17.Nb5 cxd4 18.Nxd4 Nb4 19.cxd5 Nfxd5 20.Rxc8 Rxc8 21.Rc1 Rd8 22.Ndc6 Nxc6
23.Nxc6 Bxc6 24.Rxc6 Nb4 25.Rxb6 Rd1+ 26.Bf1 Qd8 27.Rb5 Qd3 28.Rb8+ Kf7 29.Rb7+ Ke8
30.Rb8+ Kf7  1/2-1/2

[Event "Open"]
[Site "Dubai UAE"]
[Date "2001.04.17"]
[Round "3"]
[White "Pigusov,E"]
[Black "Bagirov,R"]
[Result "1-0"]
[WhiteElo "2584"]
[BlackElo "2469"]

1.c4 e6 2.Nf3 d5 3.g3 Nf6 4.Bg2 Be7 5.O-O O-O 6.d4 dxc4 7.Qc2 a6 8.a4 Bd7
9.Qxc4 Bc6 10.Bg5 Bd5 11.Qc2 Be4 12.Qc1 Nc6 13.Nbd2 Nxd4 14.Nxd4 Bxg2 15.Nxe6 fxe6
16.Kxg2 Nd5 17.Bxe7 Qxe7 18.a5 Qb4 19.Kg1 Rad8 20.Nc4 Qc5 21.Ra3 Nb4 22.Ne3 Qxc1
23.Rxc1 Nc6 24.Kf1 Rd2 25.Nc4 Rd5 26.Rb3 Rc5 27.Rxb7 Nxa5 28.Rb4 Rd8 29.Rc3 Rd1+
30.Kg2 Nxc4 31.Rbxc4 Rxc4 32.Rxc4 Rd2 33.Kf3 Rxb2 34.Rxc7 Rb5 35.e4 e5 36.Ra7 Rb6
37.Re7 Rb3+ 38.Kg4 Rb2 39.f3 Rxh2 40.Rxe5 Rh6 41.f4 Kf7 42.Rc5 Rb6 43.Rc7+ Kf8
44.e5 h5+ 45.Kf3 Rb3+ 46.Kg2 Ra3 47.Kh3 a5 48.Kh4 a4 49.e6 Re3 50.f5 Rf3
51.g4 hxg4 52.Kxg4 Rf1 53.Ra7 Rg1+ 54.Kf4 Rf1+ 55.Ke5 Re1+ 56.Kd4 Rf1 57.Ke5 Re1+  1-0

[Event "Open"]
[Site "Dubai UAE"]
[Date "2001.04.19"]
[Round "5"]
[White "Magerramov,E"]
[Black "Ghane,S"]
[Result "1-0"]
[WhiteElo "2556"]
[BlackElo "2465"]

1.c4 e6 2.Nf3 d5 3.g3 Nf6 4.Bg2 Be7 5.O-O O-O 6.d4 dxc4 7.Qc2 a6 8.a4 Bd7
9.Qxc4 Bc6 10.Bg5 Nbd7 11.Nc3 Ne4 12.Bxe7 Qxe7 13.Nxe4 Bxe4 14.Qxc7 Rac8
15.Qf4 Nf6 16.Rfc1 Qb4 17.Qd2 Rxc1+ 18.Qxc1 h6 19.e3 Nd5 20.Ne5 Bxg2 21.Kxg2 h5
22.Qc2 h4 23.Rc1 b5 24.axb5 Qxb5 25.e4 Nf6 26.Re1 Qb7 27.Nc6 Qb5 28.d5 exd5
29.Ne7+ Kh8 30.exd5 h3+ 31.Kxh3 Nxd5 32.Qf5 Nf6 33.Re5 Qf1+ 34.Kh4 Qd1 35.f3 Qc1
36.f4 Qd1 37.g4 Qd6 38.Qg5 Qb6 39.Re2 Nh7 40.Qe5  1-0

[Event "GM"]
[Site "Hampstead ENG"]
[Date "2001.04.20"]
[Round "5"]
[White "McNab,C"]
[Black "Barsov,A"]
[Result "1-0"]
[WhiteElo "2409"]
[BlackElo "2519"]

1.c4 e6 2.Nf3 d5 3.b3 Nf6 4.g3 c5 5.Bg2 d4 6.e3 Nc6 7.exd4 cxd4 8.O-O Bd6
9.d3 h6 10.Na3 O-O 11.Nc2 e5 12.Rb1 a5 13.a3 Rb8 14.b4 axb4 15.axb4 b5 16.Nd2 Bg4
17.Qe1 Qd7 18.cxb5 Rxb5 19.Nc4 Bh3 20.Nxd6 Bxg2 21.Nxb5 Bf3 22.Qd2 e4 23.Ne1 Rb8
24.dxe4 Bxe4 25.Na3 Bxb1 26.Nxb1 Rxb4 27.Na3 Ne4 28.Qc2 Nc3 29.Nd3 Rb8 30.Re1 Re8
31.Rxe8+ Qxe8 32.Nb1 Qe4 33.Nxc3 dxc3 34.Be3 Ne5 35.Ne1 Nf3+ 36.Kh1  1-0

[Event "5th GM"]
[Site "Rijeka HUN"]
[Date "2001.04.21"]
[Round "4"]
[White "Velikov,P"]
[Black "Zaja,I"]
[Result "1/2-1/2"]
[WhiteElo "2439"]
[BlackElo "2482"]

1.c4 e6 2.Nf3 d5 3.d4 Nf6 4.Nc3 dxc4 5.e3 a6 6.a4 c5 7.Bxc4 Nc6 8.O-O b6
9.Qe2 Bb7 10.Rd1 Qc7 11.d5 exd5 12.Nxd5 Nxd5 13.Bxd5 Be7 14.e4 O-O 15.Bd2 Bf6
16.Bc3 Bxc3 17.bxc3 Ne7 18.Bxb7 Qxb7 19.Ne5 Ng6 20.Nxg6 hxg6 21.Rd5 Rfd8
22.c4 Rxd5 23.exd5 Qd7 24.g3 Rb8  1/2-1/2

[Event "Open"]
[Site "Dubai UAE"]
[Date "2001.04.22"]
[Round "7"]
[White "Magerramov,E"]
[Black "Gokhale,C"]
[Result "1/2-1/2"]
[WhiteElo "2556"]
[BlackElo "2306"]

1.c4 e6 2.Nf3 d5 3.d4 c5 4.cxd5 exd5 5.Bg5 Be7 6.Bxe7 Qxe7 7.dxc5 Qxc5 8.Nc3 Nf6
9.e3 Nc6 10.Be2 O-O 11.O-O Bg4 12.Qb3 Na5 13.Qa4 Nc6 14.Rac1 Qb4 15.Qxb4 Nxb4
16.Rfd1 Rfd8 17.h3 Be6 18.Nd4 Rac8 19.f3 Kf8 20.Kf2 Nc6 21.g4 h6 22.h4 g5
23.hxg5 hxg5 24.Rd2 Ke7 25.Rh1 Ne5 26.Bd3 Rh8 27.Rxh8 Rxh8 28.Kg2 Nfd7 29.Be2 Nb6
30.b3 Rc8 31.Rc2 a6 32.Kg3 Nc6 33.Nxc6+ Rxc6 34.Bd3 Nd7 35.Ne2 Ne5 36.Bh7 Rxc2
37.Bxc2 Nc6 38.f4 f6 39.Nd4 Nxd4 40.exd4  1/2-1/2

[Event "Open"]
[Site "Dubai UAE"]
[Date "2001.04.23"]
[Round "8"]
[White "Sturua,Z"]
[Black "Pavasovic,D"]
[Result "1/2-1/2"]
[WhiteElo "2600"]
[BlackElo "2515"]

1.c4 e6 2.Nf3 d5 3.d4 c6 4.Nc3 dxc4 5.Bg5 Be7 6.Bxe7 Nxe7 7.a4 Nd5 8.a5 c5
9.e3 O-O 10.Bxc4 cxd4 11.exd4 Nc6 12.Qa4 Nxc3 13.bxc3 Bd7 14.Qa3 b6 15.axb6 axb6
16.Qxa8 Qxa8 17.Rxa8 Rxa8 18.Kd2 Ra4 19.Bb5 Ra2+ 20.Ke3 Ra3 21.Rc1 Rb3 22.Ba4 Ra3
23.Bb5 Rb3 24.Ba4  1/2-1/2

[Event "2nd ch-EUR Women"]
[Site "Warsaw POL"]
[Date "2001.04.24"]
[Round "3"]
[White "Reizniece,D"]
[Black "Shumiakina,T"]
[Result "1/2-1/2"]
[WhiteElo "2302"]
[BlackElo "2376"]

1.c4 e6 2.Nf3 d5 3.b3 Nf6 4.Bb2 Be7 5.g3 O-O 6.Bg2 c5 7.O-O Nc6 8.cxd5 Nxd5
9.d4 cxd4 10.Nxd4 Nxd4 11.Bxd4 Nb4 12.Na3 f6 13.Nc4 e5 14.Bc3 Rb8 15.a3 Nc6
16.Qc2 Be6 17.Be4 g6 18.Bxg6 hxg6 19.Qxg6+ Kh8 20.Qh6+ Kg8 21.Qg6+ Kh8 22.Qh6+  1/2-1/2

[Event "It"]
[Site "Podlehnik SLO"]
[Date "2001.04.25"]
[Round "2"]
[White "Polajzer,D"]
[Black "Atalik,S"]
[Result "1-0"]
[WhiteElo "2425"]
[BlackElo "2537"]

1.Nf3 e6 2.c4 d5 3.d4 Nf6 4.Nc3 Nbd7 5.Bg5 h6 6.Bh4 dxc4 7.e3 Nb6 8.Nd2 c5
9.Nxc4 Bd7 10.dxc5 Bxc5 11.Nd6+ Bxd6 12.Qxd6 Bc6 13.Qxd8+ Rxd8 14.f3 g5 15.Bf2 Nfd5
16.Nxd5 Nxd5 17.O-O-O Rc8 18.Kb1 O-O 19.e4 Ba4 20.Rd2 Nb6 21.b3 Bc6 22.Be2 Rcd8
23.Rhd1 Rxd2 24.Rxd2 Nc8 25.Kb2 f6 26.b4 a6 27.Kb3 Ne7 28.Bc4 Kg7 29.Bc5 Re8
30.Bxe6 Ng6 31.Bc4 Ne5 32.Bf1 Bd7 33.Rd6 Be6+ 34.Kc3 Bxa2 35.Rb6 Ra8 36.Rxb7+ Bf7
37.Be2 a5 38.b5 Kg6 39.Rc7 a4 40.Ba3 Be8 41.b6 Rb8 42.b7  1-0

[Event "2nd ch-EUR Women"]
[Site "Warsaw POL"]
[Date "2001.04.25"]
[Round "4"]
[White "Schuurman,P"]
[Black "Pokorna,Reg"]
[Result "1/2-1/2"]
[WhiteElo "2193"]
[BlackElo "2329"]

1.c4 e6 2.Nf3 d5 3.b3 Nf6 4.Bb2 Be7 5.g3 O-O 6.Bg2 c5 7.O-O Nc6 8.e3 b6 9.Nc3 Bb7
10.d3 Qd7 11.Qe2 e5 12.cxd5 Nxd5 13.Nxd5 Qxd5 14.Rfd1 f6 15.Ne1 Qe6 16.h3 Rad8
17.Qg4 Qf7 18.Qc4 Rd7 19.Rac1 Rfd8 20.Kf1 Qxc4 21.bxc4 Nb4 22.Bxb7 Rxb7 23.a3 Nc6
24.a4 Rbd7 25.Ke2 Nb4 26.g4 Kf7 27.Ra1 a5 28.Bc3 g6 29.Bxb4 axb4 30.a5 bxa5
31.Rxa5 e4 32.Raa1 f5 33.f3 Bf6 34.Ra5 Be7 35.Raa1 fxg4 36.hxg4 Bh4 37.fxe4 Bxe1
38.Rxe1 Rxd3 39.Ra5 Rd2+ 40.Kf3 Rc8 41.e5 Rc2 42.Ke4 Rxc4+ 43.Kd5 Rc2 44.Ra7+ Ke8
45.Rh1 Rd2+ 46.Kc4 Rd7 47.Rxd7 Kxd7 48.Kd5 Re8 49.Rxh7+ Re7 50.e6+ Kd8 51.Rh1 Kc7
52.Kxc5 Rxe6 53.Kxb4 Rxe3 54.Kc5 Re5+ 55.Kd4 Ra5 56.Ke4 Ra4+  1/2-1/2

[Event "Zone 3.2a"]
[Site "Manila PHI"]
[Date "2001.04.27"]
[Round "6"]
[White "Juswanto,D"]
[Black "Senador,E"]
[Result "1-0"]
[WhiteElo "2487"]
[BlackElo "2410"]

1.c4 e6 2.Nf3 d5 3.d4 c5 4.cxd5 exd5 5.Nc3 Nc6 6.g3 Nf6 7.Bg2 Be7 8.O-O O-O
9.Bf4 cxd4 10.Nxd4 Bg4 11.h3 Be6 12.Nxe6 fxe6 13.Rc1 Bd6 14.Bxd6 Qxd6 15.e4 d4
16.Nb5 Qe5 17.Qb3 Nxe4 18.f4 Qf5 19.g4 Qd5 20.Qa4 Rad8 21.Rce1 a6 22.Nc7 Qd6
23.Nxe6 Qxe6 24.Bxe4 Qd7 25.Bf5 Qc7 26.Qb3+ Kh8 27.Qg3 g6 28.Bd3 Nb4 29.Re5 Nd5
30.Rfe1  1-0

[Event "2nd ch-EUR Women"]
[Site "Warsaw POL"]
[Date "2001.04.27"]
[Round "6"]
[White "Voiska,M"]
[Black "Gvetadze,S"]
[Result "1-0"]
[WhiteElo "2320"]
[BlackElo "2208"]

1.c4 e6 2.Nf3 d5 3.g3 g6 4.Bg2 Bg7 5.O-O Ne7 6.Nc3 O-O 7.e4 d4 8.Ne2 c5 9.d3 Nbc6
10.Nd2 a6 11.f4 f6 12.g4 Qc7 13.Ng3 Rb8 14.Nb3 b6 15.Bd2 Bb7 16.Nc1 Rbc8
17.a3 Nd8 18.b4 f5 19.Qe2 Bc6 20.Rb1 Kh8 21.Nb3 Nb7 22.gxf5 exf5 23.e5 Bxg2
24.Qxg2 Nd8 25.bxc5 bxc5 26.Ba5 Qd7 27.Nc1 Nec6 28.Bb6 Ne6 29.Qd5 Nb8 30.Ba5 Qe8
31.Rb6 Nc7 32.Qd6 Na8 33.Rb7 Nc6 34.Nb3 Nxa5 35.Nxa5 Qa4 36.Qd7 Qxd7 37.Rxd7 Rb8
38.Nb7 Rfc8 39.Rb1 Nc7 40.Rb6 a5 41.a4 Na8 42.Rb3 Bh6 43.Ne2 g5 44.Kf2 gxf4
45.Kf3 Re8 46.Nxc5 Rxb3 47.Nxb3 Rxe5 48.Rd8+ Kg7 49.Rxa8 Re3+ 50.Kf2 Rxd3
51.Nbxd4 Bg5 52.Ne6+ Kf6 53.Nxg5 Kxg5 54.Rg8+ Kf6 55.Nxf4 Rd4 56.Nd5+ Ke5
57.Re8+ Kd6 58.Rd8+ Ke5 59.Rc8 h5 60.Ne3 Kf4 61.Nd5+ Kg4 62.Ne3+ Kh3 63.Kf3 Kxh2
64.Nxf5 Rd3+ 65.Ke4 Ra3 66.Rh8 Rxa4 67.Rxh5+ Kg2 68.Ne3+ Kg3 69.Rg5+ Kh3
70.Kd4 Ra1 71.Rg8 a4 72.Nc2 Rc1 73.Kc3  1-0

[Event "54th ch-RUS"]
[Site "Elista RUS"]
[Date "2001.05.03"]
[Round "4"]
[White "Bachin,V"]
[Black "Potkin,V"]
[Result "1/2-1/2"]
[WhiteElo "2426"]
[BlackElo "2512"]

1.c4 e6 2.Nf3 d5 3.b3 Nf6 4.g3 c5 5.Bg2 Nc6 6.O-O Be7 7.d3 O-O 8.Nbd2 d4
9.a3 a5 10.Rb1 e5 11.Ne1 Bf5 12.h3 Qd7 13.Kh2 Rfe8 14.Nc2 Bf8 15.g4 Bg6 16.Ne4 Nxe4
17.dxe4 Rab8 18.Qd3 Be7 19.Ne3 Bg5 20.Nd5 Bxc1 21.Rfxc1 f6 22.Bf3 Ne7 23.Nxe7+ Rxe7
24.a4 Bf7 25.Rg1 Be6 26.Rg3 Rf8 27.Rbg1 g6 28.R1g2 Kh8 29.Kg1 Ref7 30.h4 b6
31.Qd2 Qe7  1/2-1/2

[Event "2nd ch-EUR Women"]
[Site "Warsaw POL"]
[Date "2001.05.03"]
[Round "11"]
[White "Calotescu,C"]
[Black "Shumiakina,T"]
[Result "0-1"]
[WhiteElo "2218"]
[BlackElo "2376"]

1.c4 e6 2.Nf3 d5 3.g3 g6 4.Bg2 Bg7 5.O-O Ne7 6.d4 O-O 7.Nc3 c6 8.b3 dxc4
9.bxc4 c5 10.e3 Nbc6 11.Ne2 b6 12.Rb1 Qc7 13.d5 Rd8 14.e4 Na5 15.Qc2 Ba6
16.Nd2 e5 17.Bb2 Qd7 18.Nc1 Nc8 19.Ncb3 Nxb3 20.axb3 Nd6 21.Ra1 Bb7 22.Bc3 a5
23.Qb2 Qe7 24.f4 f6 25.Qc2 Re8 26.Rae1 Bc8 27.Kh1 Bd7 28.Ra1 Nf7 29.Qd3 Rf8
30.Bb2 Rae8 31.Rae1 Ra8 32.Ra1 Rfc8 33.Nb1 Nd6 34.Nd2 Rd8 35.Qc2 Nf7 36.Rfe1 Bh6
37.Rf1 Qd6 38.Rf2 Rf8 39.Raf1 Bg7 40.Bc3 Qe7 41.Ra1 Nd6 42.Bb2 Rfe8 43.Raf1 Ra7
44.Rb1 Bc8 45.Rbf1 Qd8 46.Bc3 Rae7 47.Qb2 Qc7 48.Qa1 Bd7 49.Qb2 Qa7 50.Qa1 Qa8
51.Qb2 Qc8 52.fxe5 fxe5 53.Qc2 Rf7 54.Rxf7 Nxf7 55.Nf3 Qd8 56.Bd2 Qe7 57.Qc1 h6
58.Nh4 Kh7 59.Qd1 Nd6 60.Qc2 Ra8 61.Ra1 Rf8 62.Rf1 Rxf1+ 63.Bxf1 Qd8 64.Kg1 Bg4
65.Bd3 Bh3 66.Qd1 Qc8 67.Qf3 Bg4 68.Qf2 Bd1 69.Bc3 Qg4 70.Qb2 Nf7  0-1

[Event "FSIMB May"]
[Site "Budapest HUN"]
[Date "2001.05.06"]
[Round "2"]
[White "Kaposztas,M"]
[Black "Dudas,Jano"]
[Result "1-0"]
[WhiteElo "2273"]
[BlackElo "2386"]

1.c4 e6 2.Nf3 d5 3.g3 dxc4 4.Qa4+ Nd7 5.Bg2 a6 6.Qxc4 b5 7.Qc6 Rb8 8.d4 Bb7
9.Qc2 Ngf6 10.Bg5 c5 11.dxc5 Bxc5 12.O-O Rc8 13.Qd1 O-O 14.Bxf6 Nxf6 15.Qxd8 Rfxd8
16.Nbd2 Bb6 17.Rac1 Rxc1 18.Rxc1 Ng4 19.Rf1 Ne3 20.fxe3 Bxe3+ 21.Kh1 Bxd2
22.Rd1 Ba5 23.Rxd8+ Bxd8 24.Ne5 Bxg2+ 25.Kxg2 Bf6 26.Nd3 Kf8 27.b3 Ke8 28.Kf3 Kd7
29.e4 Bd4 30.g4 a5 31.e5 Ke7 32.Ke4 Bg1 33.h3 f6 34.exf6+ Kxf6 35.Ne5 Bf2
36.a4 bxa4 37.bxa4 Be1 38.g5+ Ke7 39.Nf3 Bb4 40.h4 g6 41.Ne5 Bc3 42.Nf3 Kd6
43.Kd3 Bg7 44.Kc4 e5 45.Nd2 Ke6 46.Nb3 e4 47.Nxa5 Kf5 48.Nc6 Kf4 49.a5 e3
50.a6 e2 51.Nb4 Ke3 52.a7 Kd2 53.Nd3  1-0

[Event "XXXVI Capablanca Mem Premier I"]
[Site "Havana CUB"]
[Date "2001.05.16"]
[Round "10"]
[White "Pecorelli Garcia,H"]
[Black "Pazos Gambarrotti,P"]
[Result "1-0"]
[WhiteElo "2430"]
[BlackElo "2421"]

1.c4 e6 2.Nf3 d5 3.d4 Nf6 4.Bg5 Nbd7 5.e3 Bb4+ 6.Nbd2 O-O 7.Bd3 c5 8.O-O cxd4
9.exd4 dxc4 10.Nxc4 Be7 11.Nfe5 Nb6 12.Re1 Nbd5 13.a3 Bd7 14.Qf3 Rc8 15.Qh3 Bb5
16.Rac1 Rc7 17.b3 Ba6 18.Bb1 Qc8 19.Rcd1 Rd8 20.a4 b6 21.Rd3 Bb7 22.Rf3 Bc6
23.Ng4 Kf8 24.Nce5 Be8 25.Bxh7 Bb4 26.Rf1 Rc3 27.Bd3 Rxb3 28.Qh8+ Ke7 29.Qxg7  1-0

[Event "ch-LTU"]
[Site "Kaunas LTU"]
[Date "2001.05.16"]
[Round "10"]
[White "Kveinys,A"]
[Black "Mikenas,A"]
[Result "1-0"]
[WhiteElo "2533"]
[BlackElo "2180"]

1.c4 e6 2.Nf3 d5 3.g3 d4 4.Bg2 c5 5.O-O Nc6 6.d3 Be7 7.e3 h5 8.exd4 cxd4
9.h3 h4 10.g4 a5 11.Qe2 Nf6 12.Na3 Nd7 13.Nb5 e5 14.g5 Ra6 15.Nh2 Nc5 16.Ng4 Bxg4
17.Qxg4 Nb4 18.f4 Nbxd3 19.fxe5 O-O 20.Bd5 Nxc1 21.Raxc1 Rg6 22.Rxf7 Rxf7
23.Bxf7+ Kxf7 24.Qf5+ Kg8 25.Qxg6 Bxg5 26.Rf1 Be3+ 27.Kh2 Qe7 28.Qf5 d3 29.Kh1 d2
30.b3 b6 31.a3 Nxb3 32.Qe4 Qf7 33.Qd5 Qxd5+ 34.cxd5 Bf4 35.e6 g5 36.d6 Nc5
37.e7 Kf7 38.Nc7  1-0

[Event "TCh-YUG"]
[Site "Herceg Novi YUG"]
[Date "2001.05.17"]
[Round "4"]
[White "Paunovic,D"]
[Black "Vukovic,Zd"]
[Result "1-0"]
[WhiteElo "2467"]
[BlackElo "2460"]

1.Nf3 e6 2.c4 d5 3.d4 Nf6 4.Nc3 Be7 5.Bg5 O-O 6.e3 Nbd7 7.Qc2 b6 8.cxd5 exd5
9.Bb5 Bb7 10.O-O a6 11.Bxd7 Qxd7 12.Ne5 Qe6 13.f4 c5 14.Rf3 Rac8 15.Rh3 Ne4
16.f5 Qd6 17.Nxe4 dxe4 18.Bxe7 Qxe7 19.f6 Qxf6 20.Nd7 Qd6 21.Nxf8 cxd4 22.Qd1 Rxf8
23.Qxd4 Qe6 24.Rd1 Qxa2 25.Qxb6 Bd5 26.Qd4 Be6 27.Rh4 f5 28.Rf4 h5 29.Rff1 Bc4
30.Ra1 Qb3 31.Rfc1 Bd3 32.Rc6 Rf7 33.Rac1 Kh7 34.h4 Rb7 35.Qe5 Rf7 36.Rc7 Rxc7
37.Rxc7 Qd1+ 38.Kh2 Qg4 39.Qg3 Qg6 40.Qxg6+ Kxg6 41.Kg3 Kf6 42.Kf4 g6  1-0

[Event "TCh-YUG Women"]
[Site "Herceg Novi YUG"]
[Date "2001.05.17"]
[Round "4"]
[White "Miloradovic,J"]
[Black "Skripchenko,A"]
[Result "1/2-1/2"]
[WhiteElo "2180"]
[BlackElo "2441"]

1.c4 e6 2.Nf3 d5 3.e3 Nf6 4.b3 b6 5.Bb2 Bb7 6.Be2 Nbd7 7.O-O Be7 8.d4 O-O
9.Nbd2 c5 10.Ne5 cxd4 11.Bxd4 Nc5 12.cxd5 exd5 13.Rc1 Bd6 14.Ndf3 Qe7 15.Qc2 Rac8
16.Qb2 Ne6 17.Bb5 Ba3 18.Rxc8 Bxb2 19.Rxf8+ Qxf8 20.Bxb2 Qb4 21.Be2 Ne4 22.Rc1 h6
23.h3 Qd6 24.Rc2 f6 25.Nd3 Ba6 26.Nf4 Bxe2 27.Nxe2 h5 28.Ned4 N6c5 29.Ne1 Qd7
30.Ba3 Nb7 31.Nd3 Kh7 32.Nf4 Nd8  1/2-1/2

[Event "Open"]
[Site "Pula CRO"]
[Date "2001.05.18"]
[Round "1"]
[White "Loncar,R"]
[Black "Troselj,T"]
[Result "1-0"]
[WhiteElo "2433"]
[BlackElo "2066"]

1.c4 e6 2.Nf3 d5 3.g3 c6 4.Qc2 f5 5.Bg2 Nf6 6.O-O Bd6 7.d3 O-O 8.Nc3 dxc4
9.dxc4 e5 10.e4 Nxe4 11.Nxe4 fxe4 12.Ng5 Be7 13.Rd1 Qe8 14.Bxe4 g6 15.Qe2 Bf5
16.Bxf5 Rxf5 17.Ne4 Nd7 18.Be3 b6 19.Rd2 Nf6 20.Nxf6+ Rxf6 21.Rad1 Bc5 22.Bxc5 bxc5
23.Qe3 e4 24.Qxc5 e3 25.Qxe3 Qxe3 26.fxe3 Re8 27.Rd8 Kf8 28.R1d7 Rxd8 29.Rxd8+ Ke7
30.Ra8 Kd6 31.Rxa7 Kc5 32.b3 h5 33.a3 Kd6 34.Kg2 g5 35.Ra5  1-0

[Event "Open"]
[Site "Pula CRO"]
[Date "2001.05.21"]
[Round "4"]
[White "Dumpor,A"]
[Black "Jakupec,D"]
[Result "1-0"]
[WhiteElo "2301"]
[BlackElo "2191"]

1.c4 e6 2.Nf3 d5 3.g3 Nf6 4.Bg2 dxc4 5.Qa4+ Nbd7 6.Qxc4 a6 7.O-O b5 8.Qc2 Bb7
9.b3 Be7 10.Bb2 c5 11.a4 O-O 12.Nc3 Qb6 13.d3 Rac8 14.Rfd1 Rfd8 15.h4 Nd5
16.axb5 Nb4 17.Qd2 axb5 18.Qf4 Bd6 19.Qd2 Be7 20.Ng5 Bxg2 21.Kxg2 Nf6 22.Qf4 h6
23.Nf3 Bd6 24.Qc1 Be7 25.Na2 Nxa2 26.Rxa2 c4 27.bxc4 bxc4 28.dxc4 Rxd1 29.Qxd1 Rxc4
30.Ra8+ Bf8 31.Ba3 Nh7 32.Qd7 Rc5 33.Bxc5 Qxc5 34.Ra7 Qf5 35.Qc7 Nf6 36.Qxf7+  1-0

[Event "TCh-YUG"]
[Site "Herceg Novi YUG"]
[Date "2001.05.23"]
[Round "10"]
[White "Ftacnik,L"]
[Black "Lajthajm,B"]
[Result "1-0"]
[WhiteElo "2618"]
[BlackElo "2421"]

1.c4 e6 2.Nf3 d5 3.d4 c6 4.Nbd2 Nf6 5.g3 Bd6 6.Bg2 Nbd7 7.O-O O-O 8.Qc2 Re8
9.b3 c5 10.dxc5 Nxc5 11.Bb2 Nce4 12.Rad1 Qa5 13.Nxe4 Nxe4 14.Nd4 e5 15.Nb5 Bb8
16.Rxd5 Nf6 17.Rdd1 a6 18.Nd6 Bxd6 19.Rxd6 Qc7 20.Rfd1 Bd7 21.Bc3 Bc6 22.Bxc6 bxc6
23.Qf5 Re7 24.Qd3 Nd5 25.c5 e4 26.Qd2 Nxc3 27.Qxc3 e3 28.fxe3 Rae8 29.R1d3 h5
30.Qc4 Qa5 31.b4 Qa4 32.Rd7 Rxd7 33.Rxd7 Re6 34.Qf4 Rf6 35.Qe4 Rg6 36.Qc4 a5
37.Qxf7+ Kh7 38.Qf5 Qxb4 39.Qxh5+ Rh6 40.Qf5+ Rg6 41.Rd6 Qg4  1-0

[Event "Open"]
[Site "Pula CRO"]
[Date "2001.05.23"]
[Round "6"]
[White "Dumpor,A"]
[Black "Bylino,O"]
[Result "0-1"]
[WhiteElo "2301"]
[BlackElo "2186"]

1.c4 e6 2.Nf3 d5 3.g3 Nf6 4.Bg2 Be7 5.b3 c5 6.O-O O-O 7.Bb2 Nc6 8.d3 d4 9.e3 e5
10.exd4 exd4 11.a3 Re8 12.Nbd2 Bg4 13.Qc2 Qd7 14.Rfe1 Bf8 15.Ng5 h6 16.Nge4 Nxe4
17.Nxe4 Bh3 18.Bh1 Re6 19.Nd2 Rae8 20.Re4 Bf5 21.Rxe6 Qxe6 22.Ne4 Bh3 23.Qd1 Kh8
24.f4 Bg4 25.Bf3 Bxf3 26.Qxf3 f5 27.Nf2 Qe2 28.Qxe2 Rxe2 29.Rb1 a5 30.Kf1 Rc2
31.Ke1 g5 32.fxg5 hxg5 33.Bc1 Be7 34.Bd2 Ne5 35.Kd1 Ra2 36.h3 Nf3 37.Be1 Bd6
38.g4 Nxe1 39.Kxe1 Bg3  0-1

[Event "Open"]
[Site "Pula CRO"]
[Date "2001.05.24"]
[Round "7"]
[White "Berkes,F"]
[Black "Heyl,T"]
[Result "1-0"]
[WhiteElo "2393"]
[BlackElo "2053"]

1.c4 e6 2.Nf3 d5 3.g3 Nf6 4.Bg2 Be7 5.O-O O-O 6.b3 c5 7.Bb2 Nc6 8.cxd5 Nxd5
9.Nc3 Bf6 10.Qc1 b6 11.Nxd5 Bxb2 12.Qxb2 exd5 13.d4 Qf6 14.Qa3 cxd4 15.Qa4 Bg4
16.Rac1 Rac8 17.h3 Bxf3 18.exf3 a5 19.Rfd1 Nb4 20.Rxc8 Rxc8 21.f4 g6 22.a3 Na2
23.Qxd4 Qxd4 24.Rxd4 Rc3 25.Bxd5 Nc1 26.Rc4 Ne2+ 27.Kf1 Rxc4 28.Bxc4 Nd4
29.a4 Kf8 30.Ke1 f6 31.Kd2 Ke7 32.Kd3 Nc6 33.Bg8 h6 34.Bd5 Nb4+ 35.Kc4 Kd6
36.Be4 g5 37.fxg5 fxg5 38.Kb5 Kc7 39.f4 gxf4 40.gxf4 Na2 41.Bf3 Nc1 42.Kc4 Kd6
43.Bg4 Na2 44.Kb5 Nc1 45.Bd1 Kc7 46.f5 Nd3 47.f6 Ne5 48.Bh5 Nd7 49.f7 Nf8
50.Bg4 Nh7 51.Bf5 Nf8 52.Ka6 Kc6 53.Ka7 Kc7 54.Ka8  1-0

[Event "Open"]
[Site "Pula CRO"]
[Date "2001.05.24"]
[Round "7"]
[White "Nikolac,J"]
[Black "Zaja,I"]
[Result "1/2-1/2"]
[WhiteElo "2437"]
[BlackElo "2482"]

1.c4 e6 2.Nf3 d5 3.g3 g6 4.Bg2 Bg7 5.O-O Ne7 6.d4 Nbc6 7.cxd5 exd5 8.Nc3 Bg4
9.e3 O-O 10.h3 Bc8 11.Bd2 a5 12.Ne2 b6 13.Nf4 Ba6 14.Re1 Qd6 15.Bc3 Bh6 16.Ne5 Nd8
17.Qd2 f6 18.Ng4 Bg7 19.a4 Bb7 20.h4 Ndc6 21.Nd3 Bc8 22.Nh2 Bf5 23.b3 Bh6
24.Bb2 Nb4 25.Ba3 Bxd3 26.Bxb4 axb4 27.Qxd3 f5 28.Nf3 Bg7 29.Rac1 c6 30.Re2 Rfd8
31.Rec2 Ra5 32.Qd2 Bf6 33.Bf1 c5 34.Bb5 Rc8 35.Ne1 Raa8 36.Nd3 cxd4 37.Rxc8+ Rxc8
38.Rxc8+ Nxc8 39.Nxb4 dxe3 40.Qxd5+ Qxd5 41.Nxd5 exf2+ 42.Kxf2 Bd4+ 43.Kf3  1/2-1/2

[Event "It"]
[Site "Bibinje CRO"]
[Date "2001.06.01"]
[Round "1"]
[White "Biliskov,V"]
[Black "Haba,P"]
[Result "1/2-1/2"]
[WhiteElo "2321"]
[BlackElo "2461"]

1.c4 e6 2.Nf3 d5 3.d4 c6 4.Nbd2 Nf6 5.g3 b6 6.Bg2 Bb7 7.O-O Nbd7 8.Qc2 c5
9.dxc5 Bxc5 10.cxd5 Nxd5 11.Nb3 Be7 12.Bd2 Rc8 13.Qb1 O-O 14.Rc1 a5 15.Rxc8 Qxc8
16.Ng5 N5f6 17.Qd3 Ba6 18.Qe3 Qc4 19.Bf3 Nd5 20.Qd4 Bf6 21.Qxc4 Bxc4 22.Rc1 Bxb3
23.axb3 Nc5 24.Ne4 Nxb3 25.Rc2 Nd4 26.Nxf6+ Nxf6 27.Rc7 Nxf3+ 28.exf3 Rb8
29.Bf4 Nd5 30.Rxf7 Kxf7 31.Bxb8 Ke7 32.Be5 g6 33.Kg2 Kd7 34.Kh3 Nb4 35.Kg4 Nd3
36.Bc3 Ke7 37.Kg5 Kf7 38.Bd4 b5 39.f4 a4 40.Kh6 Kg8 41.Kg5 Kf7 42.Kh6 b4
43.Kxh7 b3 44.Kh6 Nxf2 45.Kg5 Ne4+ 46.Kg4 Nd6 47.Kf3 Nb5 48.Be5 a3 49.bxa3 Nxa3
50.Ke2 Nc4  1/2-1/2

[Event "FSGM June"]
[Site "Budapest HUN"]
[Date "2001.06.11"]
[Round "10"]
[White "Berkes,F"]
[Black "Matlak,M"]
[Result "1/2-1/2"]
[WhiteElo "2393"]
[BlackElo "2172"]

1.c4 e6 2.Nf3 d5 3.g3 Nf6 4.Bg2 Be7 5.O-O O-O 6.b3 c5 7.Bb2 Nc6 8.d3 d4 9.e4 e5
10.Nh4 g6 11.Qe2 Ne8 12.Nf3 Be6 13.Nbd2 Ng7 14.Ne1 Qd7 15.Nc2 g5 16.Bc1  1/2-1/2

[Event "White Nights"]
[Site "St Petersburg RUS"]
[Date "2001.06.13"]
[Round "5"]
[White "Timofeev,Ar"]
[Black "Tishin,P"]
[Result "1/2-1/2"]
[WhiteElo "2522"]
[BlackElo "2446"]

1.c4 e6 2.Nf3 d5 3.g3 Nf6 4.Bg2 dxc4 5.Qa4+ Nbd7 6.Qxc4 c5 7.a4 b6 8.Na3 Bb7
9.O-O Be7 10.d3 O-O 11.Bd2 Bxf3 12.Bxf3 Ne5 13.Qf4 Nxf3+ 14.Qxf3 Qd5 15.Kg2 Rfd8
16.a5 Qxf3+ 17.Kxf3 Nd5 18.axb6 axb6 19.Nc4 b5 20.Rxa8 Rxa8 21.Na3 Rb8 22.e4 Nf6
23.Rb1 Nd7 24.Ke2 Ne5 25.Bf4 f6 26.Bxe5 fxe5 27.Nc2 c4 28.Ra1 Bc5 29.dxc4 bxc4
30.Ra4 Rxb2 31.Rxc4 Bb6 32.Kf3 Kf7 33.h4 h5 34.Rb4 Rxc2 35.Rxb6 Rc3+ 36.Ke2 Rc2+
37.Ke3 Rc3+ 38.Kd2 Ra3 39.Rb5  1/2-1/2

[Event "2nd IECC Playoff g/15"]
[Site "Ohrid MKD"]
[Date "2001.06.15"]
[Round "2.1"]
[White "Delchev,A"]
[Black "San Segundo Carrillo,P"]
[Result "1-0"]
[WhiteElo "2584"]
[BlackElo "2508"]

1.c4 e6 2.Nf3 d5 3.d4 Nf6 4.g3 Bb4+ 5.Bd2 Be7 6.Bg2 c6 7.b3 O-O 8.O-O b6
9.Bf4 Bb7 10.Nc3 Nbd7 11.Qc2 Rc8 12.Rfd1 c5 13.dxc5 dxc4 14.b4 bxc5 15.b5 Nd5
16.Ne5 Nxe5 17.Bxe5 Bf6 18.Bxf6 Qxf6 19.Ne4 Qe7 20.Qxc4 f5 21.Nc3 Nxc3 22.Qxc3 Bxg2
23.Kxg2 c4 24.a4 Rfd8 25.Rxd8+ Qxd8 26.Rb1 Qd5+ 27.f3 Rc5 28.Rb2 Qd7 29.Rd2 Rd5
30.Rc2 Rc5 31.Qb4 Qd5 32.Qa5 Qd7 33.Rd2 Rd5 34.Rc2 Rc5 35.Qc3 h6 36.Qe3 Qc8
37.Rc3 Kh7 38.Kf2 e5 39.Qc1 Qe6 40.Qc2 Kh8 41.Qb1 Qd7 42.Kg2 Qd2 43.Rc2 Qd5
44.Rc3 Qd2 45.Rc2 Qd5 46.Qb4 e4 47.Qc3 exf3+ 48.exf3 Rc7 49.Rd2 Qe6 50.a5 Qf6
51.Qxf6 gxf6 52.b6 axb6 53.axb6 Rb7 54.Rd6 c3 55.Rxf6 Kg7 56.Rxf5 Rxb6 57.Rc5 Rb2+
58.Kh3 Rc2 59.g4 Rc1 60.f4 c2 61.f5 Kf6 62.Kh4  1-0